000 00959cam a2200277 4500
999 _c50516
_d50516
001 3148387
005 20200207135822.0
008 710121s2002 ru a 000 0 eng
010 _a 73533986
015 _aUSSR***
040 _aDLC
_cDLC
_dDLC
041 1 _aengrus
050 0 0 _aQA555
_b.K513 1969
080 _a514.12 K-55
082 0 0 _a516.9
100 1 _aKletenik, D. V.
_q(David Viktorovich)
_96877
240 0 0 _aSbornik zadach po analiticheskoĭ geometrii. English
245 1 0 _aProblems in analytic geometry
_c[by] D. Kletenik; edited by N. Yefimov, translated from the Russian by O. Soroka.
260 _aMoscow,
_bMir Publishers,
_c2002
300 _a298 p.
_billus.
_c21 cm.
500 _aTranslation of Sbornik zadach po analiticheskoĭ geometrii.
650 0 _aGeometry, Analytic
_vProblems, exercises, etc.
_96878
653 _aგეომეტრია
906 _a7
_bcbc
_corignew
_d4
_encip
_f19
_gy-gencatlg
942 _2udc
_cBK